| 000 | 00620nam a2200217 a 4500 | ||
|---|---|---|---|
| 005 | 20210219152857.0 | ||
| 008 | 991125n 000 0 spa u | ||
| 035 | _aUPN01000064791 | ||
| 100 | _aVILLANUEVA, Julio R. | ||
| 222 |
_aESCUELA ESPAÑOLA : _bREVISTA PROFESIONAL DE EDUCACION |
||
| 245 | _aEl área de ciencias de la naturaleza en la reforma | ||
| 300 | _aIV | ||
| 362 | _a1990 Año 50, no. 2999, abr. | ||
| 653 | 0 | _aCIENCIAS NATURALES | |
| 653 | 0 | _aCURRICULUM | |
| 653 | 0 | _aENSEÑANZA | |
| 653 | 0 | _aEVALUACION CURRICULAR | |
| 653 | 0 | _aREFORMA EDUCATIVA | |
| 904 |
_aAC _b002602 |
||
| 905 | _aArticulo | ||
| 999 |
_c62735 _d62735 |
||